Movies Quiz

Random Movies or Letter Quiz

Hide Your 'I' Movies Quiz Stats

 Plays Quiz Updated May 22, 2019

Score 0/21 Timer 06:00
11 Plays Today
% Correct
Iron Man
(2008)
96.6%
Inglourious
Basterds
(2009)
92.3%
Indiana Jones
and the Temple
of Doom
(1984)
89.9%
The Interview
(2014)
89.7%
It's a
Wonderful Life
(1946)
89.7%
The Imitation Game
(2014)
89.5%
The Italian Job
(2003)
89.1%
Inception
(2010)
88.9%
Innerspace
(1987)
87.7%
The Intern
(2015)
87.5%
Into the Woods
(2014)
87.3%
% Correct
I Am Legend
(2007)
87.2%
In the Line of Fire
(1993)
86.9%
Insidious
(2010)
86.3%
Interview
with the Vampire:
The Vampire
Chronicles
(1994)
84.8%
I Know
What You Did
Last Summer
(1997)
83.5%
In Bruges
(2008)
83.1%
I Now
Pronounce You
Chuck & Larry
(2007)
82.7%
The Illusionist
(2006)
75.6%
The Island
(2005)
71.1%
I Love You
Phillip Morris
(2009)
58.9%

You're not logged in!

Compare scores with friends on all Sporcle quizzes.
OR
Log In

Show Comments

Extras

Top Quizzes Today


Score Distribution

Your Account Isn't Verified!

In order to create a playlist on Sporcle, you need to verify the email address you used during registration. Go to your Sporcle Settings to finish the process.

Report this User

Report this user for behavior that violates our Community Guidelines.

Details: